Juran y el liderazgo para la calidad /J.M.Juran (Registro nro. 23818)
[ vista simple ]
| 000 -LÍDER | |
|---|---|
| fixed length control field | 00343nam a2200133 4500 |
| 020 ## - NÚMERO INTERNACIONAL NORMALIZADO PARA LIBROS | |
| ISBN | 84-87189-44-X |
| 050 ## - SIGNATURA TOPOGRAFICA DE LA BIBLIOTECA DEL CONGRESO (LC) | |
| Número de Clasificación | TS156 J91jla |
| 082 ## - NUMERO DE CLASIFICACION DECIMAL DEWEY | |
| Número de Clasificación | 658.408 J886j |
| 100 ## - ASIENTO PRINCIPAL--NOMBRE PERSONAL | |
| Nombre personal | Juran J.M. |
| 245 ## - TÍTULO | |
| Título | Juran y el liderazgo para la calidad /J.M.Juran |
| 260 ## - PUBLICACIÓN, DISTRIBUCIÓN, ETC. (PIE DE IMPRENTA) | |
| Lugar de publicación, distribución, etc. | Madrid : Diaz de santos |
| 300 ## - DESCRIPCIÓN FÍSICA | |
| Extensión | 363p/25cm. |
| 650 ## - ASIENTO SECUNDARIO DE MATERIA - TERMINO TEMÁTICO | |
| Término temático o nombre geográfico como elemento de entrada | 1.MANUAL PARA EJECUTIVOS |
| No. biblioteca | No. biblioteca | Número de clasificación | Código de barras/Número de adquisición | Número de copia | Tipo de material |
|---|---|---|---|---|---|
| LUIS G. INCLAN | LUIS G. INCLAN | 658.408 J886j | 14030 | 1 | Libros |
| LUIS G. INCLAN | LUIS G. INCLAN | 658.408 J886j | 17392 | 3 | Libros |
| LUIS G. INCLAN | LUIS G. INCLAN | 658.408 J886j | 28068 | 11 | Libros |
| LUIS G. INCLAN | LUIS G. INCLAN | 658.408 J886j | 19998 | 6 | Libros |
| LUIS G. INCLAN | LUIS G. INCLAN | 658.408 J886j | 28069 | 12 | Libros |
